Vẽ kỹ thuật 1 Tài liệu dùng cho sinh viên các ngành kỹ thuật
KR010 Cơ sở kiến trúc 3; KR312 Cơ sở kiến trúc 5
Kaydedildi:
| Yazar: | |
|---|---|
| Materyal Türü: | Kitap |
| Dil: | Undetermined |
| Baskı/Yayın Bilgisi: |
TP.HCM
Đại học Quốc gia TP.HCM
2009
|
| Konular: | |
| Online Erişim: | http://lrc.tdmu.edu.vn/opac/search/detail.asp?aID=2&ID=3579 |
| Etiketler: |
Etiketle
Etiket eklenmemiş, İlk siz ekleyin!
|
| Thư viện lưu trữ: | Trung tâm Học liệu Trường Đại học Thủ Dầu Một |
|---|
| LEADER | 00749nam a2200217Ia 4500 | ||
|---|---|---|---|
| 001 | TDMU_3579 | ||
| 008 | 210410s9999 xx 000 0 und d | ||
| 082 | |a 604.2 | ||
| 090 | |b Đ312 | ||
| 100 | |a Đinh, Công Sắt | ||
| 245 | 0 | |a Vẽ kỹ thuật 1 | |
| 245 | 0 | |b Tài liệu dùng cho sinh viên các ngành kỹ thuật | |
| 245 | 0 | |c Đinh Công Sắt | |
| 260 | |a TP.HCM | ||
| 260 | |b Đại học Quốc gia TP.HCM | ||
| 260 | |c 2009 | ||
| 300 | |a 181tr. | ||
| 520 | |a KR010 Cơ sở kiến trúc 3; KR312 Cơ sở kiến trúc 5 | ||
| 650 | |a Vẽ kỹ thuật | ||
| 856 | |u http://lrc.tdmu.edu.vn/opac/search/detail.asp?aID=2&ID=3579 | ||
| 980 | |a Trung tâm Học liệu Trường Đại học Thủ Dầu Một | ||